000 00943nas a2200289 4500
001 BR0601872
003 BR-BrBNA
005 20231205105955.0
007 ta
008 230509b bl.|||p| |||| 00| 00por d
040 _aBR-BrBNA
_bpor
_cBiblioteca Nacional de Agricultura
041 _a(Pt)
072 _aH20
100 1 _aFerreira, A.T.
100 1 _aCosta, F.L.C. da
100 1 _aPeters, J.A.
245 1 _aEfeito mutagênico da radiação gama sobre uma cepa selvagem de Agrobacterium tumefaciens e caracterização de tumores de fumo (Nicotiana tabacum L. var. Xanthi)
650 _aFUMO
650 _aBACTÉRIA
650 _aRAIO GAMA
650 _aMUTAÇÃO INDUZIDA
650 _aDOENÇA DE PLANTA
650 _aCRESCIMENTO
773 0 _tRevista Brasileira de Agrociência (Brazil)
_xISSN 0104-8996
_g(Jan-Dec 1997), v. 3(1-3) p. 89-94
_wBR0601872
909 _a202311
_bLúcia
_c55
_dLúcia Elande
942 _2AGRIS
_n0
_cANA
999 _c185634
_d185634